• 首页
  • 本馆介绍
  • 公告通知
  • 最新文献
  • 馆藏检索
  • 电子资源
  • 读者导购
  • 参考咨询
  • 我的图书馆
  • 登录
  • 详细信息显示
  • 放入我的书架
  • 预约/预借图书
  • 作者相关作品
  • 分类相关作品
  • 丛书相关作品
  • 出版社相关作品

书目信息

  • 表格格式
  • 工作单格式
  • 卡片格式
题名:
实用中草药彩色图集
    
 
作者: 罗献瑞 主编
分册: 第五册  
出版信息: 广州   广东科技出版社  1994.8
页数: 475页
开本: 20cm
丛书名:
单 册:
中图分类: R282.7-64 , R281
科图分类:
主题词: 中草药--图谱 , 中草药
电子资源:
ISBN: 7-5359-1253-2
000 00921nam0 2200277 450
001 1535974635
005 20150131100539.10
010    @a7-5359-1253-2@dCNY38.00
100    @a19931214d1994 em y0chiy0110 ea
101 0  @achi
102    @aCN@b440000
105    @af z 001yy
200 1  @a实用中草药彩色图集@9shi yong zhong cao yao cai se tu ji@h第五册@f罗献瑞主编
210    @a广州@c广东科技出版社@d1994.8
215    @a475页@c彩图@d20cm
300    @a英文题名:Coloured icones of Chinese medicine
330    @a本册收载中草药279种,其中植物药162种、动物药76种、矿物药41种,原植物和药材彩图共280幅。
510 1  @aColoured icones of Chinese medicine@zeng
517 1  @a中草药彩色图集@9zhong cao yao cai se tu ji
606 0  @a中草药@x图谱
606 0  @a中草药
690    @aR282.7-64@v三版
690    @aR281@v4
701  0 @a罗献瑞@9luo xian rui@4主编
801  0 @aCN@bTSSF@c20150131
905    @aZUCC@dR281@eJY185:5
    
    实用中草药彩色图集.第五册/罗献瑞主编.-广州:广东科技出版社,1994.8
    475页:彩图;20cm
    英文题名:Coloured icones of Chinese medicine
    
    ISBN 7-5359-1253-2:CNY38.00
    本册收载中草药279种,其中植物药162种、动物药76种、矿物药41种,原植物和药材彩图共280幅。
●
相关链接 在E读中查询图书 在五车中查询图书 在当当中查询图书 在豆瓣中查询图书


正题名:实用中草药彩色图集     索取号:R281/JY185:5         预约/预借

序号 登录号 条形码 馆藏地/架位号 状态 备注
1 7862218   278622180   学院路分馆/ [索取号:R281/JY185:5] 在馆    
2 7862219   278622199   学院路分馆/ [索取号:R281/JY185:5] 在馆    
唐山师范学院图书馆 欢迎您!
大连网信软件有限公司© 版权所有